| 000 | 00729nam a2200265 a 4500 | ||
|---|---|---|---|
| 001 | 10056 | ||
| 003 | CO-ViMGA | ||
| 008 | 141112s2004 ck r 000 u spa d | ||
| 020 | _a8426707831 | ||
| 040 |
_aCO-ViMGA _bspa _cCO-ViMGA |
||
| 082 | 0 | 4 | _a574 M425 |
| 100 | 1 |
_aMataix Lorda ; Mariano, _949208 |
|
| 245 | 1 | 0 | _aLa manzana de la Discordia |
| 260 |
_aBarcelona : _bMarcombo, _c1990 |
||
| 300 | _a220p. | ||
| 650 | 1 | 4 |
_aASPECTOS AMBIENTALES _912636 |
| 650 | 1 | 4 |
_aCALIDAD DE VIDA _912637 |
| 650 | 1 | 4 |
_aCOLOMBIA _912638 |
| 650 | 1 | 4 |
_aDESARROLLO _912639 |
| 650 | 1 | 4 |
_aDIVERSIDAD BIOLOGICA _912640 |
| 650 | 1 | 4 |
_aECOSISTEMAS _912641 |
| 650 | 1 | 4 |
_aINDUSTRIA Y PETROLEO _912642 |
| 650 | 1 | 4 |
_aSOSTENIBLE _912643 |
| 942 |
_2ddc _cBK |
||
| 999 |
_c21430 _d21430 |
||